[Event "XXXIV Festival Conca della Presolana Magistrale"]
[Site "Bratto - Castione della Presolana ITA"]
[Date "2014.08.22"]
[Round "1"]
[White "Ferro, Mario"]
[Black "Pitzanti, Matteo"]
[WhiteElo "2242"]
[BlackElo "1967"]
[Result "0-1"]
[PlyCount "76"]
[EventDate "2014.08.22"]

1. Nf3 d5 2. d4 Nf6 3. c4 e6 4. Nc3 Nbd7 5. Bg5 Be7 6. e3 c6 7. Bd3 dxc4 8.
Bxc4 b5 9. Bd3 Bb7 10. e4 b4 11. Na4 h6 12. Bxf6 Nxf6 13. Qe2 Nd7 14. O-O Qa5
15. b3 Rc8 16. Rac1 O-O 17. Rc2 c5 18. Bb5 Nf6 19. e5 Nd5 20. Bc4 cxd4 21. Qe4
Ba8 22. Qxd4 Rfd8 23. Qg4 Nb6 24. Nxb6 Qxb6 25. Bd3 Rc3 26. Be4 Rxc2 27. Bxc2
Qa5 28. Bb1 Bxf3 29. Qxf3 Qxe5 30. g3 g6 31. Rd1 Rxd1+ 32. Qxd1 Bc5 33. Bd3 Qd4
34. Qc2 Kg7 35. Qe2 e5 36. g4 Qf4 37. Kg2 e4 38. Bc4 Bd6 0-1

[Event "XXXIV Festival Conca della Presolana Magistrale"]
[Site "Bratto - Castione della Presolana ITA"]
[Date "2014.08.31"]
[Round "1"]
[White "Franciosi, Fausto"]
[Black "Czakon, Jakub"]
[WhiteElo "2101"]
[BlackElo "2474"]
[Result "0-1"]
[PlyCount "82"]
[EventDate "2014.08.22"]

1. d4 f5 2. Nf3 Nf6 3. c4 g6 4. Nc3 Bg7 5. g3 O-O 6. Bg2 d6 7. O-O Qe8 8. Re1
Qf7 9. Qd3 h6 10. Nd2 Nc6 11. d5 Ne5 12. Qc2 f4 13. Nce4 Nxe4 14. Nxe4 f3 15.
exf3 Nxf3+ 16. Bxf3 Qxf3 17. Qe2 Qxe2 18. Rxe2 Bg4 19. Re1 e6 20. Bd2 exd5 21.
cxd5 Rae8 22. Bc3 Bf3 23. Bxg7 Kxg7 24. Nc3 a6 25. Rac1 Kf7 26. Kf1 g5 27. b4
g4 28. b5 Rxe1+ 29. Kxe1 Re8+ 30. Kd2 Re5 31. bxa6 bxa6 32. Rc2 Ke7 33. Kd3 Rh5
34. Kd4 Rxh2 35. Ne4 Kd8 36. Nf6 Rh1 37. Rd2 Re1 38. Nh5 Bxd5 39. Kxd5 Re5+ 40.
Kc6 Rxh5 41. Rd4 Kc8 0-1

[Event "XXXIV Festival Conca della Presolana Magistrale"]
[Site "Bratto - Castione della Presolana ITA"]
[Date "2014.08.22"]
[Round "1"]
[White "Garofalo, Pietro"]
[Black "Castaldo, Folco"]
[WhiteElo "2073"]
[BlackElo "2436"]
[Result "0-1"]
[PlyCount "96"]
[EventDate "2014.08.22"]

1. b3 e5 2. Bb2 Nc6 3. e3 Nf6 4. Bb5 Bd6 5. Na3 a6 6. Bxc6 dxc6 7. Nc4 Qe7 8.
d4 e4 9. Ne2 O-O 10. Ng3 b5 11. Ne5 c5 12. Nc6 Qe6 13. Nh5 Nxh5 14. Qxh5 f5 15.
dxc5 Bxc5 16. Qg5 Qf7 17. O-O-O h6 18. Qf4 Bd6 19. Rxd6 cxd6 20. Qxd6 Qd7 21.
Qg3 f4 22. exf4 Qg4 23. Be5 Qxg3 24. hxg3 Bd7 25. Ne7+ Kf7 26. Nd5 Bc6 27. Ne3
Ra7 28. Nf5 Kg8 29. Nd6 Rd7 30. Re1 Rfd8 31. Rd1 e3 32. fxe3 Bxg2 33. Rd4 Bh3
34. Kd2 Kf8 35. Kd3 Ke7 36. Ne4 Bf5 37. Bxg7 Kf7 38. Be5 b4 39. g4 Bxg4 40. Nc5
Rxd4+ 41. Bxd4 Bf5+ 42. Kd2 Rg8 43. Nxa6 h5 44. Nxb4 h4 45. Nd3 h3 46. Nf2 h2
47. Kc3 Rg3 48. Kd2 Rg2 0-1

[Event "XXXIV Festival Conca della Presolana Magistrale"]
[Site "Bratto - Castione della Presolana ITA"]
[Date "2014.08.22"]
[Round "1"]
[White "Hunt, Adam C."]
[Black "Nicolo', Filippo"]
[WhiteElo "2428"]
[BlackElo "2066"]
[Result "1-0"]
[PlyCount "55"]
[EventDate "2014.08.22"]

1. e4 e5 2. Nf3 Nc6 3. Bb5 Nd4 4. Bc4 Bc5 5. Nxd4 Bxd4 6. c3 Bb6 7. d4 Qh4 8.
O-O Nf6 9. Nd2 d6 10. a4 a6 11. a5 Ba7 12. Nf3 Qh5 13. Be2 exd4 14. cxd4 O-O
15. e5 dxe5 16. dxe5 Ng4 17. Bf4 Nxf2 18. Rxf2 Bxf2+ 19. Kxf2 Be6 20. Kg1 Rad8
21. Qc1 Qf5 22. Ra4 Bd5 23. Bg3 h6 24. h3 Bc6 25. Rg4 Bb5 26. Bxb5 axb5 27. Bh4
Rd3 28. Bf6 1-0

[Event "XXXIV Festival Conca della Presolana Magistrale"]
[Site "Bratto - Castione della Presolana ITA"]
[Date "2014.08.22"]
[Round "1"]
[White "Janev, Evgeni"]
[Black "Cugini, Verter"]
[WhiteElo "2439"]
[BlackElo "2079"]
[Result "1-0"]
[PlyCount "77"]
[EventDate "2014.08.22"]

1. e4 e6 2. d4 d5 3. Nd2 Nf6 4. e5 Ne4 5. Nxe4 dxe4 6. Be3 c5 7. dxc5 Nd7 8.
Qg4 Nxc5 9. c3 Nd3+ 10. Bxd3 exd3 11. Nf3 Bd7 12. O-O Bc6 13. Rfd1 Qd5 14. Qg3
O-O-O 15. Ne1 Qb5 16. b3 Be4 17. Rd2 Bc5 18. Rad1 Kb8 19. h3 g6 20. Bg5 Rd7 21.
Nxd3 Bb6 22. Nb2 Rxd2 23. Rxd2 h6 24. Bf6 Rc8 25. Nc4 Rxc4 26. bxc4 Qxc4 27.
Be7 Bd5 28. h4 Qe4 29. Kh2 a5 30. Rb2 Ka7 31. Bf8 h5 32. Bh6 Ka6 33. Be3 Bxe3
34. fxe3 Qd3 35. e4 Qxg3+ 36. Kxg3 Bxe4 37. Kf4 Bf5 38. Kg5 b5 39. Kf6 1-0

[Event "XXXIV Festival Conca della Presolana Magistrale"]
[Site "Bratto - Castione della Presolana ITA"]
[Date "2014.08.22"]
[Round "1"]
[White "Magrini, Fabrizio"]
[Black "Gleizerov, Evgeny"]
[WhiteElo "2198"]
[BlackElo "2552"]
[Result "1/2-1/2"]
[PlyCount "93"]
[EventDate "2014.08.22"]

1. e4 e6 2. d4 d5 3. Nc3 Nf6 4. e5 Nfd7 5. f4 c5 6. Nf3 a6 7. Be3 Qb6 8. Na4
Qa5+ 9. c3 c4 10. b4 cxb3 11. axb3 b5 12. b4 Qc7 13. Nc5 Nb6 14. Bd3 Nc4 15.
Qe2 Nc6 16. O-O Bxc5 17. dxc5 Bb7 18. f5 O-O-O 19. fxe6 fxe6 20. Bxc4 dxc4 21.
Ng5 Qxe5 22. Nf7 Qxc3 23. Nxh8 Rxh8 24. Kh1 Re8 25. Bd2 Qd3 26. Qxd3 cxd3 27.
Rae1 e5 28. Rf3 Rd8 29. Rf7 Rd7 30. Rxd7 Kxd7 31. Re3 Ke6 32. Rxd3 Nd4 33. Kg1
Kd5 34. Rh3 h6 35. Kf2 Bc8 36. Rg3 g5 37. h4 Nf5 38. Rd3+ Nd4 39. hxg5 hxg5 40.
Bxg5 Kc4 41. Re3 Kxb4 42. Rxe5 Nc6 43. Re8 Bd7 44. Ra8 a5 45. Bd2+ Kxc5 46.
Bxa5 b4 47. Bd8 1/2-1/2

[Event "XXXIV Festival Conca della Presolana Magistrale"]
[Site "Bratto - Castione della Presolana ITA"]
[Date "2014.08.22"]
[Round "1"]
[White "Murgia, Andrea"]
[Black "Ranieri, Fabrizio"]
[WhiteElo "1967"]
[BlackElo "2247"]
[Result "0-1"]
[PlyCount "68"]
[EventDate "2014.08.22"]

1. e4 e6 2. d4 d5 3. Nd2 Nf6 4. e5 Nfd7 5. Bd3 c5 6. c3 Nc6 7. Ne2 cxd4 8. cxd4
f6 9. exf6 Nxf6 10. O-O Bd6 11. Nf3 O-O 12. h3 Bd7 13. Re1 Qb6 14. Be3 Qxb2 15.
Ne5 Nxe5 16. dxe5 Bxe5 17. Rb1 Qxa2 18. Nc1 Qa3 19. Bd2 Bd6 20. Nb3 Qa4 21. Bg5
h6 22. Bxf6 Rxf6 23. g3 Raf8 24. Bc2 Qa6 25. Ra1 Qb6 26. Nd4 e5 27. Qd3 Qxd4
28. Qh7+ Kf7 29. Rf1 e4 30. g4 Qc3 31. Bxe4 dxe4 32. Rad1 Qxh3 33. Rxd6 Qxg4+
34. Kh1 Rxd6 0-1

[Event "XXXIV Festival Conca della Presolana Magistrale"]
[Site "Bratto - Castione della Presolana ITA"]
[Date "2014.08.22"]
[Round "1"]
[White "Qendro, Llambi"]
[Black "Razzano, Lorenzo"]
[WhiteElo "2330"]
[BlackElo "1990"]
[Result "1-0"]
[PlyCount "75"]
[EventDate "2014.08.22"]

1. d4 Nf6 2. c4 Nc6 3. Nf3 e6 4. g3 Bb4+ 5. Bd2 Qe7 6. Bg2 a5 7. O-O Bxd2 8.
Qxd2 d6 9. Nc3 O-O 10. e4 e5 11. d5 Nb4 12. Ne1 c6 13. Nd3 Nxd3 14. Qxd3 cxd5
15. Nxd5 Nxd5 16. cxd5 f5 17. Rac1 fxe4 18. Bxe4 Bh3 19. Rfe1 Qf6 20. Bxh7+ Kh8
21. Rc2 Rac8 22. Be4 Rc5 23. Qe2 Rxc2 24. Qh5+ Qh6 25. Qxh6+ gxh6 26. Bxc2 Rc8
27. Be4 Rc4 28. f3 Rd4 29. Re2 Kg7 30. Kf2 Kf6 31. Rc2 Bf5 32. Ke3 Rb4 33. b3
a4 34. Rc4 Rxc4 35. bxc4 Bd7 36. Kd3 b5 37. Kc3 bxc4 38. Kxc4 1-0

[Event "XXXIV Festival Conca della Presolana Magistrale"]
[Site "Bratto - Castione della Presolana ITA"]
[Date "2014.08.22"]
[Round "1"]
[White "Ranfagni, Stefano"]
[Black "Gilevych, Artem"]
[WhiteElo "2042"]
[BlackElo "2362"]
[Result "0-1"]
[PlyCount "76"]
[EventDate "2014.08.22"]

1. e4 e6 2. d4 d5 3. Nd2 Nc6 4. c3 e5 5. Ngf3 exd4 6. exd5 Qxd5 7. Bc4 Qh5 8.
O-O Nf6 9. Re1+ Be7 10. cxd4 O-O 11. Nf1 Bb4 12. Ng3 Qa5 13. Re2 Bg4 14. Be3
Bd6 15. a3 Bxg3 16. hxg3 Qh5 17. Rc2 Ne7 18. Be2 Ned5 19. Rac1 Rfe8 20. Bf4
Nxf4 21. gxf4 Nd5 22. Rc5 c6 23. R1c2 Re6 24. Ne5 Bxe2 25. Qxe2 Qxe2 26. Rxe2
f6 27. f5 Re7 28. g4 fxe5 29. dxe5 Rae8 30. e6 Rf8 31. b4 a6 32. Re5 g6 33. Rc4
Kg7 34. f4 gxf5 35. gxf5 Kf6 36. Rc2 Nxf4 37. Re4 Rg8+ 38. Kh1 Kxf5 0-1

[Event "XXXIV Festival Conca della Presolana Magistrale"]
[Site "Bratto - Castione della Presolana ITA"]
[Date "2014.08.22"]
[Round "1"]
[White "Ricci, Marco"]
[Black "Kohlweyer, Bernd"]
[WhiteElo "2061"]
[BlackElo "2422"]
[Result "1/2-1/2"]
[PlyCount "60"]
[EventDate "2014.08.22"]

1. e4 c5 2. Nf3 d6 3. d4 cxd4 4. Qxd4 Nf6 5. e5 Nc6 6. Bb5 Qa5+ 7. Nc3 Qxb5 8.
Nxb5 Nxd4 9. Nfxd4 dxe5 10. Nc7+ Kd7 11. Nxa8 exd4 12. Bf4 e5 13. Bxe5 Bd6 14.
Bxd4 Re8+ 15. Kf1 Kc6 16. Bxa7 Be6 17. Nb6 Bc5 18. f3 Bxb6 19. Bxb6 Bc4+ 20.
Kg1 Kxb6 21. b3 Ba6 22. c4 Re2 23. h4 Nd7 24. Kh2 Ne5 25. Kg3 f6 26. Rhe1 Rc2
27. Rec1 Rb2 28. Rcb1 Rc2 29. Rc1 Re2 30. Re1 Rc2 1/2-1/2

[Event "XXXIV Festival Conca della Presolana Magistrale"]
[Site "Bratto - Castione della Presolana ITA"]
[Date "2014.08.22"]
[Round "1"]
[White "Roeder, Matthias"]
[Black "Ventura, Salvatore"]
[WhiteElo "2422"]
[BlackElo "2059"]
[Result "1-0"]
[PlyCount "163"]
[EventDate "2014.08.22"]

1. Nf3 c5 2. c4 g6 3. e4 Bg7 4. d4 cxd4 5. Nxd4 Nc6 6. Be3 Nf6 7. Nc3 O-O 8.
Be2 d6 9. O-O Bd7 10. Qd2 Nxd4 11. Bxd4 Bc6 12. f3 a5 13. b3 Nd7 14. Be3 Nc5
15. Rab1 Qb6 16. Rfc1 Rfc8 17. Rc2 h5 18. Bf1 Qd8 19. a3 Qf8 20. b4 axb4 21.
axb4 Na4 22. Ne2 Kh7 23. Nd4 Be8 24. Ra1 Nb6 25. Rxa8 Rxa8 26. Ra2 Bh6 27. Rxa8
Nxa8 28. f4 e5 29. Nf3 exf4 30. Bxf4 Bxf4 31. Qxf4 Qe7 32. e5 dxe5 33. Qxe5
Qxe5 34. Nxe5 Kg7 35. Kf2 Kf6 36. Nd3 Nc7 37. Ke3 Ne6 38. g3 b6 39. Bh3 Bc6 40.
b5 Ba8 41. Bxe6 Kxe6 42. Kd4 Kd6 43. h4 Ke6 44. Nb2 Kd6 45. Na4 Kc7 46. Ke5 Bf3
47. Nc3 Bg4 48. Nd5+ Kb7 49. Kd6 Be6 50. c5 bxc5 51. Kxc5 Bg4 52. Nf6 Bf3 53.
Ne8 Kb8 54. Kd6 Be2 55. Ke5 Bxb5 56. Nd6 Bd3 57. Nxf7 Kc7 58. Kf6 Bc2 59. Ne5
Kd6 60. Nxg6 Kd7 61. Nf4 Bd1 62. Kg5 Ke7 63. Nxh5 Kf7 64. Nf4 Kg7 65. g4 Kh7
66. Nd5 Kg7 67. Ne3 Be2 68. Nf5+ Kh7 69. h5 Bd1 70. Kh4 Bc2 71. Ng3 Bd3 72. g5
Bc2 73. Kg4 Bd3 74. Kf4 Bc2 75. Ke5 Kg7 76. Nf5+ Kf7 77. g6+ Kg8 78. h6 Bb3 79.
Kf6 Bc4 80. Nd6 Bb3 81. Nf7 Kf8 82. h7 1-0

[Event "XXXIV Festival Conca della Presolana Magistrale"]
[Site "Bratto - Castione della Presolana ITA"]
[Date "2014.08.22"]
[Round "1"]
[White "Sharma, Dinesh K."]
[Black "Bonassi, Tommaso"]
[WhiteElo "2359"]
[BlackElo "2012"]
[Result "1-0"]
[PlyCount "59"]
[EventDate "2014.08.22"]

1. e4 c5 2. Nf3 d6 3. d4 cxd4 4. Nxd4 Nf6 5. Nc3 a6 6. Be3 e6 7. f3 b5 8. Qd2
Bb7 9. g4 Nfd7 10. O-O-O h5 11. g5 g6 12. a3 Nb6 13. Ndxb5 axb5 14. Qd4 b4 15.
axb4 Ra1+ 16. Kd2 Rxd1+ 17. Kxd1 d5 18. Qxh8 dxe4+ 19. Qd4 Qxd4+ 20. Bxd4 Nd5
21. Nxe4 Bxb4 22. c3 Be7 23. Kc2 Nc6 24. Bb5 Kd8 25. Bxc6 Bxc6 26. Ra1 Nf4 27.
Ra7 Nd5 28. Bc5 Bxc5 29. Nxc5 Ke8 30. Ne4 1-0

[Event "XXXIV Festival Conca della Presolana Magistrale"]
[Site "Bratto - Castione della Presolana ITA"]
[Date "2014.08.22"]
[Round "1"]
[White "Steingrimsson, Hedinn"]
[Black "Harshal, Shahi"]
[WhiteElo "2536"]
[BlackElo "2159"]
[Result "0-1"]
[PlyCount "128"]
[EventDate "2014.08.22"]

1. Nf3 d5 2. c4 c6 3. e3 Nf6 4. Nc3 e6 5. Qc2 Nbd7 6. b3 Bd6 7. Bb2 O-O 8. Be2
Qe7 9. O-O Rd8 10. d4 b6 11. Rad1 Bb7 12. Rfe1 Rac8 13. Qb1 Ba3 14. Bxa3 Qxa3
15. Nd2 Qe7 16. b4 e5 17. c5 Rb8 18. Qc2 Nf8 19. Nb3 N6d7 20. a4 e4 21. f4 f5
22. Rf1 Ne6 23. Na2 g5 24. g3 Kh8 25. Qc3 gxf4 26. exf4 Qg7 27. Rd2 Rg8 28. Kh1
Nf6 29. b5 bxc5 30. dxc5 cxb5 31. axb5 e3 32. Rd4 Ne4 33. Qxe3 N4xc5 34. Nxc5
Nxd4 35. Bd3 Ba8 36. Kg1 Rge8 37. Qf2 Rbc8 38. Rc1 Rc7 39. Nb4 Rce7 40. Rd1
Ne2+ 41. Kf1 Qc3 42. Nc6 Bxc6 43. bxc6 Re3 44. Bxe2 Qxc5 45. Bh5 R8e7 46. Qb2+
Qc3 47. Qb1 Qxc6 48. Qxf5 Qc4+ 49. Kg2 Qe4+ 50. Qxe4 dxe4 51. f5 Rd3 52. Rc1
Rd2+ 53. Kh3 Rf2 54. g4 e3 55. Kg3 Kg7 56. h4 a5 57. Ra1 a4 58. g5 Rxf5 59.
Rxa4 e2 60. Bxe2 Rxe2 61. Kg4 Rfe5 62. Kf4 Re7 63. h5 h6 64. g6 R2e5 0-1

[Event "XXXIV Festival Conca della Presolana Magistrale"]
[Site "Bratto - Castione della Presolana ITA"]
[Date "2014.08.22"]
[Round "1"]
[White "Stopa, Jacek"]
[Black "Locatelli, Andrea"]
[WhiteElo "2498"]
[BlackElo "2138"]
[Result "1-0"]
[PlyCount "113"]
[EventDate "2014.08.22"]

1. f4 g6 2. g3 c5 3. d3 Bg7 4. Bg2 Nc6 5. Nf3 e6 6. O-O Nge7 7. c3 d5 8. Qe1
O-O 9. Na3 Rb8 10. Qf2 b6 11. Rb1 d4 12. Bd2 Nd5 13. Rbc1 Bb7 14. Nc4 dxc3 15.
bxc3 Nf6 16. h3 Qc7 17. g4 Rbd8 18. Nce5 Nd7 19. d4 Ndxe5 20. fxe5 f6 21. exf6
Bxf6 22. Bh6 Rf7 23. dxc5 Na5 24. cxb6 axb6 25. Kh1 Nc4 26. Qg1 Qg3 27. Rcd1
Rxd1 28. Rxd1 Bd5 29. Qh2 Qxh2+ 30. Kxh2 g5 31. Bxg5 Bxg5 32. Nxg5 Rf2 33. Rxd5
exd5 34. Kg3 Rxg2+ 35. Kxg2 Ne3+ 36. Kf3 Nd1 37. e4 Nxc3 38. exd5 Nxd5 39. Ne4
Kg7 40. h4 b5 41. a3 b4 42. a4 b3 43. a5 b2 44. Nd2 Nc3 45. a6 Nb5 46. Ke4 Kf6
47. Kd3 Ke6 48. Kc2 Ke5 49. Kxb2 Kf4 50. g5 Kg4 51. Nf3 Na7 52. Kb3 Kf5 53. Kc4
Ke6 54. Kc5 Kd7 55. Nd4 Ke8 56. Kb6 Nc8+ 57. Kc7 1-0

[Event "XXXIV Festival Conca della Presolana Magistrale"]
[Site "Bratto - Castione della Presolana ITA"]
[Date "2014.08.22"]
[Round "1"]
[White "Sulava, Nenad"]
[Black "Gentili, Gianguido"]
[WhiteElo "2462"]
[BlackElo "2099"]
[Result "1/2-1/2"]
[PlyCount "68"]
[EventDate "2014.08.22"]

1. d4 d6 2. Nf3 Nf6 3. Nc3 Bf5 4. Nh4 Bd7 5. g3 e5 6. d5 Be7 7. e4 Qc8 8. Bg2
h6 9. Qe2 c6 10. f4 O-O 11. fxe5 dxe5 12. O-O Bc5+ 13. Kh1 Bg4 14. Qd3 Nbd7 15.
h3 Bh5 16. Bd2 Re8 17. Rae1 Bd4 18. g4 Bg6 19. Qg3 Bc5 20. Nf5 Bf8 21. g5 hxg5
22. Bxg5 Nh5 23. Qh4 Ndf6 24. Bf3 a5 25. Bg4 Qc7 26. Rd1 cxd5 27. exd5 Qc4 28.
Ne3 Qb4 29. d6 Bxd6 30. Bxf6 Nxf6 31. Rxf6 Be7 32. Ned5 Bxf6 33. Qf2 Qxb2 34.
Bf5 Red8 1/2-1/2

[Event "XXXIV Festival Conca della Presolana Magistrale"]
[Site "Bratto - Castione della Presolana ITA"]
[Date "2014.08.22"]
[Round "1"]
[White "Sveshnikov, Vladimir"]
[Black "Scagliotti, Mauro"]
[WhiteElo "2380"]
[BlackElo "2043"]
[Result "1-0"]
[PlyCount "101"]
[EventDate "2014.08.22"]

1. e4 c6 2. Nf3 d5 3. exd5 cxd5 4. d4 Nf6 5. Bf4 Bg4 6. c3 Nc6 7. Nbd2 e6 8. h3
Bh5 9. Be2 Bd6 10. Bxd6 Qxd6 11. O-O O-O 12. Re1 Rab8 13. a4 a6 14. a5 Qc7 15.
Qa4 Rfe8 16. Bd3 Bg6 17. Bxg6 hxg6 18. Ne5 Nd7 19. Nxd7 Qxd7 20. Nb3 Qc7 21.
Nc5 Re7 22. b4 Na7 23. Re3 Nb5 24. Rae1 Rbe8 25. Qc2 Nd6 26. f4 Nc4 27. Rf3 Nd6
28. Qf2 Nc4 29. h4 b6 30. axb6 Qxb6 31. Rh3 a5 32. h5 axb4 33. hxg6 fxg6 34.
Rb1 Ra8 35. Rxb4 Qd6 36. Rxc4 dxc4 37. Qh4 Kf7 38. Rg3 Qd5 39. Rg5 Qd8 40. Qh7
Qh8 41. Qxg6+ Kf8 42. Rh5 Qg8 43. Kh2 Rd8 44. Re5 Rd6 45. f5 Qh8+ 46. Kg3 Qh6
47. Qxh6 gxh6 48. fxe6 Kg7 49. Kf4 Rd8 50. d5 Rf8+ 51. Ke3 1-0

[Event "XXXIV Festival Conca della Presolana Magistrale"]
[Site "Bratto - Castione della Presolana ITA"]
[Date "2014.08.22"]
[Round "1"]
[White "Ulybin, Mikhail"]
[Black "Cattaneo, Marco"]
[WhiteElo "2501"]
[BlackElo "2151"]
[Result "1-0"]
[PlyCount "73"]
[EventDate "2014.08.22"]

1. d4 Nf6 2. c4 g6 3. Nc3 Bg7 4. e4 d6 5. Nf3 O-O 6. Be2 e5 7. O-O Nc6 8. d5
Ne7 9. Nd2 c5 10. dxc6 bxc6 11. b4 d5 12. Ba3 d4 13. Na4 Ne8 14. b5 f5 15. Bf3
Rb8 16. Qb3 f4 17. b6 Kh8 18. Qb4 Rb7 19. Rab1 g5 20. Qc5 a6 21. h3 h5 22. Bxh5
Nf6 23. Bd1 f3 24. Bxf3 g4 25. hxg4 Nxg4 26. Rb3 Ng6 27. Bxg4 Bxg4 28. Rg3 Qh4
29. Qxc6 Nf4 30. Re1 Nh5 31. Bxf8 Nxg3 32. fxg3 Qxg3 33. Bxg7+ Rxg7 34. Qh6+
Kg8 35. Rf1 Bh3 36. Rf2 Bxg2 37. Qxg7+ 1-0

[Event "XXXIV Festival Conca della Presolana Magistrale"]
[Site "Bratto - Castione della Presolana ITA"]
[Date "2014.08.23"]
[Round "2"]
[White "Aghayev, Miragha"]
[Black "Stopa, Jacek"]
[WhiteElo "2357"]
[BlackElo "2498"]
[Result "0-1"]
[PlyCount "74"]
[EventDate "2014.08.22"]

1. e4 e5 2. Nf3 Nc6 3. Bc4 Bc5 4. c3 Nf6 5. d3 d6 6. O-O O-O 7. Bb3 h6 8. Re1
a6 9. Nbd2 Be6 10. Bc2 Ng4 11. Re2 Bxf2+ 12. Rxf2 Ne3 13. Qe2 Nxc2 14. Rb1 Bxa2
15. b3 Bxb1 16. Nxb1 Na1 17. Qa2 Nxb3 18. Qxb3 b5 19. Na3 Qe7 20. Nc2 Qe6 21.
Qb1 f5 22. Ne3 Ne7 23. Ra2 a5 24. Re2 c6 25. d4 f4 26. Nc2 Qc4 27. Re1 Ng6 28.
Na3 Qxc3 29. Qa2+ Kh7 30. Bb2 Qd3 31. Qe6 b4 32. Qh3 Qa6 33. Nc2 Qc4 34. Rc1
Qa2 35. Ng5+ Kh8 36. Ba1 b3 37. Qe6 b2 0-1

[Event "XXXIV Festival Conca della Presolana Magistrale"]
[Site "Bratto - Castione della Presolana ITA"]
[Date "2014.08.23"]
[Round "2"]
[White "Bonassi, Tommaso"]
[Black "Franciosi, Fausto"]
[WhiteElo "2012"]
[BlackElo "2101"]
[Result "0-1"]
[PlyCount "50"]
[EventDate "2014.08.22"]

1. e4 d6 2. d4 Nf6 3. Nc3 e5 4. Nf3 Nbd7 5. Bc4 Be7 6. O-O O-O 7. h3 c6 8. a4
a5 9. Be3 exd4 10. Bxd4 Nb6 11. Bd3 d5 12. exd5 Nbxd5 13. Ng5 h6 14. Nge4 Nf4
15. Bc4 Be6 16. Bxe6 Nxe6 17. Be3 Nd5 18. Nxd5 cxd5 19. Ng3 d4 20. Bd2 Qd5 21.
Re1 Rac8 22. c3 Bf6 23. Ne4 Be5 24. Qf3 Rfd8 25. Qf5 Bh2+ 0-1

[Event "XXXIV Festival Conca della Presolana Magistrale"]
[Site "Bratto - Castione della Presolana ITA"]
[Date "2014.08.23"]
[Round "2"]
[White "Bresciani, Nicola"]
[Black "Garofalo, Pietro"]
[WhiteElo "2226"]
[BlackElo "2073"]
[Result "1/2-1/2"]
[PlyCount "78"]
[EventDate "2014.08.22"]

1. e4 e6 2. d4 d5 3. Nd2 Nf6 4. e5 Nfd7 5. c3 c5 6. Bd3 Nc6 7. Ne2 cxd4 8. cxd4
f6 9. exf6 Nxf6 10. Nf3 Bd6 11. O-O Qc7 12. Bg5 O-O 13. Bh4 Ne4 14. Rc1 Qa5 15.
a3 Rxf3 16. gxf3 Nd2 17. Bg3 Bxg3 18. hxg3 Nxf1 19. Kxf1 e5 20. dxe5 Bh3+ 21.
Kg1 Nxe5 22. Nf4 Bd7 23. Nxd5 Ba4 24. b3 Rd8 25. Be4 Bc6 26. b4 Qxa3 27. Rxc6
Nxc6 28. b5 Kh8 29. Kg2 Ne7 30. Qh1 h6 31. Nf4 Qd6 32. Qa1 a6 33. bxa6 bxa6 34.
Qa2 Rf8 35. Qb2 Rxf4 36. gxf4 Kg8 37. Qb3+ Kf8 38. f5 Ng8 39. Qb2 a5 1/2-1/2

[Event "XXXIV Festival Conca della Presolana Magistrale"]
[Site "Bratto - Castione della Presolana ITA"]
[Date "2014.08.23"]
[Round "2"]
[White "Castaldo, Folco"]
[Black "Lavorgna, Giovanni"]
[WhiteElo "2436"]
[BlackElo "1962"]
[Result "1-0"]
[PlyCount "141"]
[EventDate "2014.08.22"]

1. Nf3 Nf6 2. c4 e6 3. g3 d5 4. Bg2 Be7 5. O-O O-O 6. b3 Ne4 7. Bb2 Bf6 8. Qc1
Bxb2 9. Qxb2 Qf6 10. Qxf6 Nxf6 11. cxd5 exd5 12. Nc3 c6 13. Nd4 Nbd7 14. Rfc1
Ne5 15. d3 Re8 16. b4 Bg4 17. h3 Bd7 18. Rab1 Rad8 19. Bf1 Ng6 20. Na4 a6 21.
Nc5 Bc8 22. a4 Nd7 23. b5 axb5 24. axb5 Nxc5 25. Rxc5 cxb5 26. Rbxb5 Ne7 27.
Rb6 h6 28. e3 Kf8 29. Kg2 Ng6 30. Nb5 Re6 31. Rxe6 Bxe6 32. Rc7 Rd7 33. Rc8+
Ke7 34. d4 Rd8 35. Rc7+ Rd7 36. Rc5 Rd8 37. Nc3 Kd6 38. Nb5+ Ke7 39. Rc7+ Rd7
40. Rc1 Rd8 41. Bd3 Rc8 42. Rb1 Kd7 43. Rb3 Ne7 44. Nc3 Rc7 45. Na4 Bf5 46.
Nc5+ Kc8 47. Rxb7 Rxb7 48. Ba6 Kc7 49. Bxb7 Kd6 50. Ba6 g5 51. Bb5 Bc8 52. Be8
f6 53. Bf7 Bf5 54. f3 Bc8 55. g4 f5 56. Be8 fxg4 57. hxg4 Ng8 58. Nd3 Nf6 59.
Bg6 Ke7 60. Ne5 Be6 61. Kf2 Nd7 62. Nxd7 Bxd7 63. Kg3 Kd6 64. e4 dxe4 65. fxe4
Ba4 66. Bf7 Ke7 67. Bc4 Bd1 68. e5 Ba4 69. d5 Bd7 70. d6+ Kd8 71. Bf7 1-0

[Event "XXXIV Festival Conca della Presolana Magistrale"]
[Site "Bratto - Castione della Presolana ITA"]
[Date "2014.08.23"]
[Round "2"]
[White "Cattaneo, Marco"]
[Black "Bianco, Valerio"]
[WhiteElo "2151"]
[BlackElo "2058"]
[Result "1-0"]
[PlyCount "107"]
[EventDate "2014.08.22"]

1. d4 d5 2. c4 c6 3. Nc3 Nf6 4. Nf3 e6 5. Bg5 h6 6. Bxf6 Qxf6 7. e3 Nd7 8. Bd3
Qd8 9. O-O Bd6 10. e4 dxe4 11. Nxe4 Bc7 12. Qe2 O-O 13. Rad1 Re8 14. Rfe1 Ba5
15. Nc3 Bxc3 16. bxc3 Nf6 17. Ne5 Qe7 18. f4 c5 19. g4 g6 20. Qf2 cxd4 21. cxd4
Qd8 22. Bc2 Bd7 23. Qh4 Kg7 24. g5 Ng8 25. gxh6+ Nxh6 26. Qxh6+ Kxh6 27. Nxf7+
Kg7 28. Nxd8 Raxd8 29. Re5 Rf8 30. Rg5 Rxf4 31. Rxg6+ Kf7 32. Rg3 Bc6 33. d5
exd5 34. cxd5 Bb5 35. Bb3 Kf6 36. Re1 Re8 37. Rxe8 Bxe8 38. Kg2 Rd4 39. Rf3+
Ke5 40. Re3+ Re4 41. Rxe4+ Kxe4 42. Kg3 b5 43. h4 Ke5 44. Kg4 a5 45. a3 Bg6 46.
h5 Bh7 47. Kg5 Bb1 48. h6 b4 49. a4 Bh7 50. Kg4 Bf5+ 51. Kf3 Bh7 52. Ke3 Kd6
53. Kd4 Bg6 54. Kc4 1-0

[Event "XXXIV Festival Conca della Presolana Magistrale"]
[Site "Bratto - Castione della Presolana ITA"]
[Date "2014.08.23"]
[Round "2"]
[White "Cebalo, Miso"]
[Black "David, Alberto"]
[WhiteElo "2401"]
[BlackElo "2565"]
[Result "1/2-1/2"]
[PlyCount "101"]
[EventDate "2014.08.22"]

1. d4 e6 2. c4 Nf6 3. Nf3 b6 4. Nc3 Bb7 5. Bg5 Be7 6. e3 h6 7. Bh4 O-O 8. Bd3
d5 9. O-O Nbd7 10. Qe2 c5 11. Rad1 Ne4 12. Bg3 Qc8 13. Bxe4 dxe4 14. Ne5 Nxe5
15. dxe5 Bc6 16. Qg4 Qb7 17. Bh4 Bxh4 18. Qxh4 b5 19. Rd2 bxc4 20. Rfd1 Rac8
21. h3 Qb8 22. Nxe4 Qxe5 23. Nd6 Rb8 24. Nxc4 Qc7 25. b3 Bd5 26. Nb2 Qc6 27.
Qg3 Qa6 28. Nd3 c4 29. bxc4 Qxc4 30. Nf4 Be4 31. f3 Bc2 32. Rc1 Rb1 33. Rxb1
Bxb1 34. Kh2 Qc3 35. Qf2 Qe5 36. Kh1 Rc8 37. Ne2 Qa5 38. Nd4 Rc1+ 39. Kh2 Qc7+
40. f4 Be4 41. Nb5 Qb6 42. Rb2 Qc5 43. Qd2 Bd5 44. Nxa7 Qc3 45. Nb5 Qxd2 46.
Rxd2 Re1 47. Nc3 Rxe3 48. Nxd5 exd5 49. Rxd5 Ra3 50. Rd2 h5 51. Rd5 1/2-1/2

[Event "XXXIV Festival Conca della Presolana Magistrale"]
[Site "Bratto - Castione della Presolana ITA"]
[Date "2014.08.23"]
[Round "2"]
[White "Cugini, Verter"]
[Black "Attuati, Stefano"]
[WhiteElo "2079"]
[BlackElo "2006"]
[Result "0-1"]
[PlyCount "72"]
[EventDate "2014.08.22"]

1. e4 e5 2. Nf3 Nc6 3. d4 exd4 4. Nxd4 Bc5 5. Be3 Qf6 6. c3 d6 7. Bb5 Bd7 8.
O-O Nge7 9. Nxc6 Nxc6 10. Bxc5 dxc5 11. Qh5 g5 12. Nd2 O-O-O 13. Nb3 b6 14.
Rad1 Rhe8 15. Rfe1 Kb7 16. Rd5 Ne5 17. Bxd7 Rxd7 18. Rxd7 Nxd7 19. Qxh7 Ne5 20.
Qh3 g4 21. Qg3 Rd8 22. Qe3 Rd3 23. Qe2 Qf4 24. Rd1 Rxd1+ 25. Qxd1 Qxe4 26. Nd2
Qd3 27. Qe1 f5 28. Nf1 Qd6 29. Ng3 f4 30. Qe4+ Kb8 31. Nf1 f3 32. h4 fxg2 33.
Kxg2 Qf6 34. Ng3 Nf3 35. h5 Qh4 36. Kf1 Nd2+ 0-1